01811nam a22004097a 4500003000500000005001700005008004100022010001000063011001000073035001000083040000900093090001000102100004000112245026600152260004000418300001100458502008700469590003700556590004100593590004100634590004100675590004100716590004100757590004200798650004200840650003300882650004800915650002600963650003200989901000701021942000901028949004201037949004701079999001701126952013101143952012701274CHAP20220329135506.0971013s1986 r 00010 d a37477 a38449 a42569 cCHAP aTesis00aOyervides García, Arnoldo.984484 aEstudio de la importancia económica de tres caracteres morfológicos de maíz I. efecto del número de mazorcas por plantas sobre el rendimiento económico. II. efecto de tamaño de espiga sobre el rendimiento económico. III. efecto de la posición de aChapingo, Méx. :bEl autor,c1986 a151 h. aTesis (M. C. Esp. en Genética) -- Colegio de Postgraduados. Centro de Genética aALEPHb10c20130110lUCH01h1303 aBATCH-UPDb10c20130110lUCH01h0145 aBATCH-UPDb10c20130110lUCH01h0838 aBATCH-UPDb10c20130409lUCH01h2145 aBATCH-UPDb10c20130410lUCH01h0516 aBATCH-UPDb10c20130914lUCH01h1747 aCONVERSIONb10c20130109lUCH01h132114aMaízxAspectos económicos.97086514aMaízxEspigamiento.97094814aMaízxFisiología y morfología.97095814aMaízxHojas.97097514aMaízxRendimiento.971051 aBK cFOLL bBCcTESd-97966eTS1h18091i42569si bBCcTESd-97967eTS2fc.2h18092i42569si c37477d37477 00102local4053708TESISaBCbBCcPA_TESISd2019-12-31fFOLLl0oTesisp-97967r2019-12-31 00:00:00tc.2w2019-12-31yTESIS 00102local4051708TESISaBCbBCcPA_TESISd2019-12-31fTESISl0oTesisp-97966r2019-12-31 00:00:00w2019-12-31yTESIS